000 00618nam a22001937a 4500
005 20251108171836.0
008 250721s1991 xx 000 0 ara d
082 1 4 _aم/016.37824/جام
245 1 0 _aملخصات رسائل الماجستير /
264 1 _aعمان :
_bالجامعة الأردنية،
_c1991.
300 _a
650 1 7 _aالدرجات
650 1 7 _aالأكاديمية
650 1 7 _aالببليوغرافيا
650 1 7 _aرسائل الماجستير
710 2 _aالجامعة الأردنية - كلية الدراسات العليا
942 _2ddc
_cREF
999 _c64011
_d64011